000 00292nam a2200121Ia 4500
008 190216s9999||||xx |||||||||||||| ||und||
100 _aNarayana P S&Amp; Rao P Ck
245 0 _aMarketing Management
260 _bSurjeet Pubs.Delhi
_c1993
300 _a245p
650 _aCommerce
942 _cBK
999 _c5997
_d5997